[Event "ICS Rated blitz match"]
[Site "204.178.125.65"]
[Date "1999.08.19"]
[Round "?"]
[White "matar"]
[Black "Hossa"]
[Result "0-1"]
[WhiteElo "2169"]
[BlackElo "2444"]
[PlyCount "58"]

1. e4 e5 2. Nf3 Nc6 3. Bb5 a6 4. Ba4 b5 5. Bb3 Bb7 6. c3 Nf6 7. d4 exd4 8. e5
Ng4 9. cxd4 Bb4+ 10. Nc3 d6 11. h3 dxe5 12. hxg4 exd4 13. a3 Ba5 14. Ng5 Rf8
15. Qe2+ Qe7 16. Qxe7+ Nxe7 17. O-O dxc3 18. Nxh7 Rh8 19. Ng5 Bd5 20. Bxd5 Nxd5
21. Re1+ Kf8 22. b4 Bb6 23. Ne4 Rh4 24. Bg5 Rxg4 25. Rad1 Re8 26. Rxd5 Rgxe4
27. Rxe4 Rxe4 28. Kf1 f6 29. Bc1 29... Rh4 {matar resigns} 0-1

[Event "ICS rated blitz match"]
[Site "204.178.125.65"]
[Date "1999.08.19"]
[Round "?"]
[White "Hossa"]
[Black "MissSilicon"]
[Result "1/2-1/2"]
[WhiteElo "2449"]
[BlackElo "2707"]
[PlyCount "158"]

1. d4 Nf6 2. c4 e6 3. Nc3 Bb4 4. Bg5 h6 5. Bh4 c5 6. d5 Bxc3+ 7. bxc3 e5 8. Qc2
d6 9. e3 g5 10. Bg3 Nh5 11. e4 O-O 12. Be2 g4 13. Qd2 Qf6 14. Rb1 Nxg3 15. hxg3
Qg7 16. Qxh6 Qxh6 17. Rxh6 Rd8 18. Rh4 Kg7 19. Bxg4 Nd7 20. Bxd7 Rxd7 21. Kd2
Rc7 22. f3 f5 23. exf5 Bxf5 24. Re1 Rh8 25. Ne2 Rcc8 26. Reh1 Rh7 27. Rxh7+
Bxh7 28. g4 Rf8 29. Ng3 Bg6 30. Re1 Kf6 31. Ne4+ Bxe4 32. Rxe4 Rh8 33. Re1 Rh2
34. Re2 Rh1 35. Ke3 Rc1 36. Kd3 Rd1+ 37. Rd2 Rc1 38. Rb2 b6 39. Rc2 Rd1+ 40.
Rd2 Rf1 41. Re2 Rg1 42. Ke4 Rc1 43. Kd3 Rg1 44. Ke3 Rc1 45. Kd2 Ra1 46. g5+
Kxg5 47. Ke3 Rc1 48. Kd3 Ra1 49. g3 Rg1 50. Rh2 Rxg3 51. Ke3 Kf6 52. Rh6+ Rg6
53. Rxg6+ Kxg6 54. f4 Kf5 55. fxe5 dxe5 56. a4 e4 57. Kf2 a6 58. Ke2 Ke5 59.
Ke3 a5 60. Kf2 Kf6 61. Ke2 Kf5 62. Ke1 Kg6 63. Kf1 Kg5 64. Kg1 Kf5 65. Kh2 Kg6
66. Kg2 Kg5 67. Kf1 Kf6 68. Kf2 Ke5 69. Ke3 Kf5 70. Kd2 Kg6 71. Ke1 Kf7 72. Ke2
Kf6 73. Ke3 Ke5 74. Kf2 Kf6 75. Ke2 Ke5 76. Kf1 Kf6 77. Kf2 Ke5 78. Ke3 Kf5 79.
Kf2 79... Kf6 {Game drawn by repetition} 1/2-1/2

[Event "ICS Rated blitz match"]
[Site "204.178.125.65"]
[Date "1999.08.19"]
[Round "?"]
[White "matar"]
[Black "Hossa"]
[Result "1/2-1/2"]
[WhiteElo "2155"]
[BlackElo "2469"]
[PlyCount "132"]

1. e4 e5 2. Nf3 Nc6 3. Bb5 a6 4. Ba4 b5 5. Bb3 Bb7 6. c3 Nf6 7. d4 exd4 8. e5
Ng4 9. cxd4 Bb4+ 10. Nc3 d6 11. Ng5 Nh6 12. e6 Qe7 13. O-O fxe6 14. Nxe6 Bxc3
15. Bxh6 Bxd4 16. Nxd4 gxh6 17. Re1 Ne5 18. f4 O-O-O 19. fxe5 dxe5 20. Qg4+ Kb8
21. Nf3 Qc5+ 22. Kh1 e4 23. Rac1 Qd6 24. Nh4 Rhf8 25. Qg3 Qxg3 26. hxg3 Rf2 27.
Rc2 Rxc2 28. Bxc2 Rd2 29. Bxe4 Bxe4 30. Rxe4 Rxb2 31. a4 bxa4 32. Rxa4 Kb7 33.
Kh2 Kb6 34. Nf3 h5 35. Re4 Rb5 36. Ne5 Kc5 37. Nd3+ Kd6 38. Kh3 c6 39. Kh4 Rf5
40. Nf4 a5 41. Nxh5 Rb5 42. Nf4 Rb7 43. Kh5 Kc5 44. g4 Kb5 45. g5 a4 46. Nd3
Rg7 47. Ne5 a3 48. Kh6 a2 49. Re1 Re7 50. Ra1 Rxe5 51. Rxa2 Re7 52. g4 Kb4 53.
g6 hxg6 54. Kxg6 c5 55. g5 c4 56. Kf6 Re4 57. g6 Rg4 58. g7 Rxg7 59. Kxg7 Kc3
60. Kf6 Kd4 61. Ke6 Kd3 62. Kd5 c3 63. Ra3 Kd2 64. Kd4 c2 65. Ra2 Kd1 66. Rxc2
66... Kxc2 {Game drawn because neither player has mating material} 1/2-1/2

[Event "ICS Rated blitz match"]
[Site "204.178.125.65"]
[Date "1999.08.19"]
[Round "?"]
[White "Hossa"]
[Black "matar"]
[Result "1-0"]
[WhiteElo "2458"]
[BlackElo "2166"]
[PlyCount "82"]

1. d4 d5 2. c4 e6 3. Nc3 Nf6 4. cxd5 exd5 5. Bg5 Be7 6. Qc2 O-O 7. e3 Nbd7 8.
Nf3 a6 9. Bd3 Re8 10. O-O Nf8 11. Rac1 Bg4 12. Ne5 Bh5 13. Qb3 Ne6 14. Bxf6
gxf6 15. Nf3 Bxf3 16. gxf3 c6 17. Qxb7 Rc8 18. Bxa6 Rc7 19. Qb6 Qd7 20. Kh1 Ng5
21. Nb5 Bd6 22. Nxd6 Qxd6 23. Rg1 Kh8 24. Rg3 h5 25. Bb5 h4 26. Rg4 Nxf3 27.
Rf4 Ng5 28. Rxh4+ Kg7 29. Rg4 Rh8 30. Rg2 Rcc8 31. Bxc6 Rh3 32. f4 Rch8 33. Qb5
Qe6 34. fxg5 Rxh2+ 35. Rxh2 Qe4+ 36. Kg1 Qxe3+ 37. Rf2 Qxc1+ 38. Qf1 Qe3 39.
gxf6+ Kf8 40. Bxd5 Rg8+ 41. Bg2 41... Qxd4 {matar resigns} 1-0

[Event "ICS Rated blitz match"]
[Site "204.178.125.65"]
[Date "1999.08.19"]
[Round "?"]
[White "matar"]
[Black "Hossa"]
[Result "1-0"]
[WhiteElo "2161"]
[BlackElo "2463"]
[PlyCount "63"]

1. e4 e5 2. Nf3 Nc6 3. Bb5 a6 4. Ba4 b5 5. Bb3 Bb7 6. c3 Nf6 7. d4 exd4 8. e5
Ng4 9. cxd4 Bb4+ 10. Nc3 d6 11. Ng5 Nh6 12. e6 Qe7 13. O-O fxe6 14. Nxe6 Bxc3
15. Bxh6 Bxd4 16. Nxd4 gxh6 17. Nxc6 Bxc6 18. Re1 Be4 19. Bd5 O-O-O 20. Rxe4
Qf6 21. Qc2 Rdf8 22. Rf1 c5 23. a4 Qg6 24. axb5 axb5 25. Qb3 b4 26. Qa4 Qf6 27.
Qa8+ Kc7 28. Qb7+ Kd8 29. Qb6+ Kc8 30. Bb7+ Kd7 31. Qc6+ Kd8 32. Qc8# {
Hossa checkmated} 1-0

[Event "ICS Rated blitz match"]
[Site "204.178.125.65"]
[Date "1999.08.19"]
[Round "?"]
[White "Hossa"]
[Black "matar"]
[Result "1-0"]
[WhiteElo "2436"]
[BlackElo "2188"]
[PlyCount "39"]

1. d4 d5 2. c4 e6 3. Nc3 Nf6 4. cxd5 exd5 5. Bg5 Be7 6. Qc2 O-O 7. e3 Nbd7 8.
Nf3 Re8 9. Bd3 Nf8 10. h3 c6 11. O-O Ne4 12. Bxe7 Qxe7 13. Bxe4 dxe4 14. Ne5 f6
15. Nc4 Ng6 16. f3 exf3 17. Rxf3 Nh4 18. Rf4 g5 19. Re4 Qf7 20. Nd6 {
matar resigns} 1-0

[Event "ICS Rated blitz match"]
[Site "204.178.125.65"]
[Date "1999.08.19"]
[Round "?"]
[White "danger"]
[Black "Hossa"]
[Result "0-1"]
[WhiteElo "2283"]
[BlackElo "2454"]
[PlyCount "48"]

1. e4 c5 2. Nf3 d6 3. Bb5+ Bd7 4. Bxd7+ Qxd7 5. c4 Qg4 6. O-O Qxe4 7. d4 cxd4
8. Re1 Qg4 9. Qb3 Nc6 10. Qxb7 Qc8 11. Qb5 Qd7 12. b3 e5 13. Bb2 Be7 14. c5
dxc5 15. Nbd2 f5 16. Qe2 e4 17. Nxe4 fxe4 18. Qxe4 Nf6 19. Qd3 O-O 20. a3 Rae8
21. Rac1 Nd5 22. Qc4 Na5 23. Qd3 Nf4 24. Qd1 24... Qg4 {danger resigns} 0-1

[Event "ICS Rated blitz match"]
[Site "204.178.125.65"]
[Date "1999.08.19"]
[Round "?"]
[White "MissSilicon"]
[Black "Hossa"]
[Result "1-0"]
[WhiteElo "2697"]
[BlackElo "2463"]
[PlyCount "129"]

1. Nf3 g6 2. e4 Bg7 3. Nc3 Nf6 4. e5 Ng4 5. d4 c5 6. Bb5 a6 7. Ba4 O-O 8. dxc5
Nxe5 9. Nxe5 Bxe5 10. Bh6 Re8 11. Bb3 Bxc3+ 12. bxc3 Nc6 13. O-O e5 14. Qf3 Qe7
15. Rfd1 Nd8 16. Qe3 Kh8 17. Rd6 f6 18. Qf3 Ne6 19. Re1 a5 20. Bd5 Rd8 21. Rd1
Re8 22. Bxb7 Bxb7 23. Qxb7 Reb8 24. Qxd7 Qxd7 25. Rxd7 Nxc5 26. Rc7 Ne6 27. Re7
Ra6 28. Kf1 Nc5 29. Rd5 Ne6 30. Rdd7 Kg8 31. Rxh7 Rab6 32. Rhf7 Rd6 33. Rf8+
Nxf8 34. Rxd6 Nh7 35. Rd7 g5 36. Rg7+ Kh8 37. Ra7 Kg8 38. g4 Rb2 39. Rg7+ Kh8
40. a4 Rxc2 41. Rc7 Rc1+ 42. Ke2 Kg8 43. h3 Rc2+ 44. Kf3 Rc1 45. h4 Ra1 46. h5
f5 47. gxf5 Rxa4 48. Rg7+ Kh8 49. Re7 Kg8 50. Re8+ Kf7 51. Rxe5 g4+ 52. Kg3 Nf6
53. Kh4 Ra1 54. Be3 Rh1+ 55. Kg3 Rg1+ 56. Kh2 Ra1 57. h6 a4 58. Ra5 Kg8 59.
Ra8+ Kh7 60. Bd4 Ra2 61. Kg3 Rxf2 62. Kxf2 Ne8 63. Rxe8 g3+ 64. Kxg3 a3 65.
Rh8# {Hossa checkmated} 1-0

[Event "ICS Rated blitz match"]
[Site "204.178.125.65"]
[Date "1999.08.19"]
[Round "?"]
[White "Hossa"]
[Black "MoonShot"]
[Result "0-1"]
[WhiteElo "2456"]
[BlackElo "2647"]
[PlyCount "108"]

1. d4 d5 2. c4 dxc4 3. e4 c5 4. d5 e6 5. Nc3 exd5 6. Qxd5 Qb6 7. Bxc4 Be6 8.
Bb5+ Nd7 9. Bxd7+ Bxd7 10. Qe5+ Qe6 11. Qxe6+ fxe6 12. Bf4 Nf6 13. Nf3 Be7 14.
O-O-O O-O-O 15. Ne5 Rhf8 16. Bg5 Be8 17. Rxd8+ Bxd8 18. Rd1 Bc7 19. Nd3 b6 20.
h3 c4 21. Nb4 Be5 22. f3 Kc7 23. Nc2 h6 24. Bxf6 Rxf6 25. Na3 Rg6 26. Nab5+
Bxb5 27. Nxb5+ Kb8 28. g4 Rf6 29. Rf1 a6 30. Na3 b5 31. Nc2 g5 32. Ne3 Ka7 33.
Kc2 Kb6 34. Ng2 Bg3 35. Kb1 a5 36. a3 Kc5 37. Ne3 Be5 38. Ng2 b4 39. axb4+ axb4
40. h4 b3 41. hxg5 hxg5 42. Rf2 Rh6 43. Re2 Rh1+ 44. Re1 Rh2 45. Re2 c3 46.
bxc3 Bxc3 47. Kc1 Rh1+ 48. Ne1 Bxe1 49. Kb2 Kb4 50. Rc2 Bc3+ 51. Rxc3 Rh2+ 52.
Rc2 Rxc2+ 53. Kb1 Kc3 54. Ka1 54... Rc1# {Hossa checkmated} 0-1

[Event "ICS rated blitz match"]
[Site "204.178.125.65"]
[Date "1999.08.19"]
[Round "?"]
[White "MissSilicon"]
[Black "Hossa"]
[Result "1-0"]
[WhiteElo "2695"]
[BlackElo "2448"]
[PlyCount "137"]

1. e4 c5 2. Nf3 d6 3. d4 cxd4 4. Nxd4 Nf6 5. Nc3 e6 6. g3 d5 7. exd5 Nxd5 8.
Bb5+ Bd7 9. Nxd5 exd5 10. Qe2+ Qe7 11. O-O Nc6 12. Bxc6 bxc6 13. Re1 Qxe2 14.
Rxe2+ Kd8 15. Bf4 Bc5 16. Nb3 Bg4 17. Rd2 Bb6 18. c4 Bf3 19. Re1 Re8 20. Rxe8+
Kxe8 21. c5 Bd8 22. Nd4 g5 23. Bd6 g4 24. Nxf3 gxf3 25. Rd3 Bg5 26. Rxf3 Bc1
27. b3 h6 28. Rf5 Bb2 29. Rh5 Bg7 30. Rh4 Kd7 31. Rb4 a5 32. Rb7+ Ke6 33. Re7+
Kf6 34. Rc7 Ra6 35. g4 Kg6 36. h4 Bd4 37. h5+ Kf6 38. Kg2 Kg7 39. a4 Kf6 40. f4
Kg7 41. Be5+ Bxe5 42. fxe5 Kg8 43. Kf2 Kf8 44. Kf3 Kg8 45. Rc8+ Kg7 46. Kf4 Ra7
47. Rxc6 Rb7 48. Rb6 Re7 49. c6 d4 50. Rb7 Re6 51. c7 Rc6 52. e6 Kf8 53. Rb8+
Ke7 54. exf7 Kxf7 55. c8=Q Rxc8 56. Rxc8 Ke7 57. Rc6 d3 58. Ke3 Kd7 59. g5 d2
60. Kxd2 Kxc6 61. gxh6 Kc7 62. h7 Kd7 63. h8=Q Kd6 64. h6 Kd5 65. h7 Kc5 66.
Qc3+ Kd6 67. h8=Q Ke6 68. Qce5+ Kd7 69. Qhe8# {Hossa checkmated} 1-0

[Event "ICS rated blitz match"]
[Site "204.178.125.65"]
[Date "1999.08.19"]
[Round "?"]
[White "Hossa"]
[Black "danger"]
[Result "1-0"]
[WhiteElo "2442"]
[BlackElo "2283"]
[PlyCount "31"]

1. d4 d5 2. c4 c6 3. Nc3 Nf6 4. cxd5 cxd5 5. f3 e6 6. Bg5 Be7 7. Rc1 O-O 8. e4
dxe4 9. fxe4 Nc6 10. Nf3 h6 11. Bf4 Nh5 12. Be3 a6 13. Bd3 Bh4+ 14. Nxh4 Qxh4+
15. g3 Nxg3 16. Bf2 {danger resigns} 1-0

[Event "ICS rated blitz match"]
[Site "204.178.125.65"]
[Date "1999.08.19"]
[Round "?"]
[White "Hossa"]
[Black "Zippy"]
[Result "1/2-1/2"]
[WhiteElo "2459"]
[BlackElo "2312"]
[PlyCount "188"]

1. e4 g6 2. d4 Bg7 3. Nc3 d6 4. f4 Nf6 5. Be2 O-O 6. Be3 c6 7. Bf3 Qb6 8. Rb1
e5 9. Nge2 Ng4 10. Bxg4 Bxg4 11. O-O Re8 12. Qd3 exd4 13. Bxd4 Bxe2 14. Nxe2
Bxd4+ 15. Nxd4 c5 16. Nf3 c4+ 17. Qd4 Rxe4 18. Qxb6 axb6 19. a3 Rxf4 20. Rbd1
Rf6 21. Ng5 Rxf1+ 22. Kxf1 c3 23. bxc3 Rxa3 24. Rxd6 Nc6 25. Ne4 f5 26. Nf6+
Kg7 27. Nd5 Ra1+ 28. Kf2 Ra2 29. Rd7+ Kh6 30. Rxb7 Rxc2+ 31. Kg3 Ne5 32. Rxb6
Nd3 33. Rc6 Rd2 34. Rc4 Ne5 35. Rc5 g5 36. Nf6 f4+ 37. Kh3 Nd3 38. Ng4+ Kh5 39.
Rc6 Nf2+ 40. Nxf2 Rxf2 41. g4+ fxg3 42. Kxg3 Ra2 43. Rf6 Rc2 44. Rf3 Kg6 45. h3
h5 46. Rd3 Kf5 47. Rd5+ Kf6 48. Rc5 Rd2 49. Rc6+ Ke5 50. Rc4 Rd3+ 51. Kg2 Kd6
52. Rc8 Rd2+ 53. Kf3 Rh2 54. Kg3 Rc2 55. Rc4 Re2 56. Kf3 Rh2 57. Kg3 Rc2 58.
Rc8 Kd5 59. Kf3 Rh2 60. Kg3 Re2 61. Rh8 Re3+ 62. Kg2 h4 63. Rc8 Rg3+ 64. Kh2
Rf3 65. Kg2 Re3 66. Rc7 Rg3+ 67. Kh2 Ke4 68. Rc5 Kd3 69. Rc6 Ke3 70. Rg6 Kf4
71. Rc6 Kf3 72. Rf6+ Ke4 73. Re6+ Kf5 74. Rc6 Rd3 75. Rc4 Rd2+ 76. Kg1 Ke6 77.
Re4+ Kf6 78. c4 Kf5 79. Rg4 Rc2 80. Rd4 Ke6 81. Kf1 Rb2 82. Re4+ Kf5 83. Rd4
Rh2 84. Rd3 Ke4 85. Rd5 Rxh3 86. Rxg5 Rf3+ 87. Ke2 h3 88. Rg4+ Rf4 89. Rxf4+
Kxf4 90. Kf2 Ke5 91. c5 h2 92. Kg2 Kd5 93. c6 h1=R 94. Kxh1 94... Kxc6 {
Game drawn because neither player has mating material} 1/2-1/2

[Event "ICS Rated blitz match"]
[Site "204.178.125.65"]
[Date "1999.08.19"]
[Round "?"]
[White "shadow4"]
[Black "Hossa"]
[Result "1-0"]
[WhiteElo "2526"]
[BlackElo "2453"]
[PlyCount "47"]

1. Nf3 g6 2. e4 Bg7 3. d4 d6 4. Bc4 Nc6 5. O-O f5 6. Nc3 fxe4 7. Ng5 Nh6 8. Be3
e5 9. Ngxe4 Ng4 10. Bg5 Qd7 11. f3 Ne3 12. Bxe3 exd4 13. Nd5 Rf8 14. Bg5 b5 15.
Re1 Ne5 16. Bxb5 c6 17. Be7 Kf7 18. f4 Ng4 19. Ng5+ Kg8 20. Bxf8 Bxf8 21. Qxd4
cxb5 22. Ne7+ Bxe7 23. Qd5+ Kh8 24. Qf7 {Hossa resigns} 1-0

[Event "ICS rated blitz match"]
[Site "204.178.125.65"]
[Date "1999.08.19"]
[Round "?"]
[White "Zippy"]
[Black "Hossa"]
[Result "1/2-1/2"]
[WhiteElo "2318"]
[BlackElo "2440"]
[PlyCount "61"]

1. e4 c5 2. Nf3 d6 3. d4 cxd4 4. Nxd4 Nf6 5. Nc3 e6 6. Bc4 d5 7. exd5 Nxd5 8.
Bxd5 exd5 9. O-O Bb4 10. Qh5 Bxc3 11. bxc3 O-O 12. Ba3 Re8 13. Rfe1 Be6 14.
Rab1 b6 15. Re3 Qd7 16. Rg3 Kh8 17. Nxe6 fxe6 18. c4 Nc6 19. cxd5 exd5 20. Bb2
d4 21. Rh3 h6 22. Qg6 Re2 23. Rxh6+ gxh6 24. Qxh6+ Kg8 25. Qg6+ Qg7 26. Qxc6
Rae8 27. Qd5+ Qf7 28. Qg5+ Qg7 29. Qd5+ Qf7 30. Qg5+ Qg7 31. Qd5+ {
Game drawn by repetition} 1/2-1/2

[Event "ICS Rated blitz match"]
[Site "204.178.125.65"]
[Date "1999.08.19"]
[Round "?"]
[White "Hossa"]
[Black "Zippy"]
[Result "0-1"]
[WhiteElo "2435"]
[BlackElo "2323"]
[PlyCount "158"]

1. d4 d5 2. c4 c6 3. Nc3 Nf6 4. cxd5 cxd5 5. g3 e6 6. Bg2 Nc6 7. Nf3 Bd6 8. Bg5
h6 9. Bxf6 Qxf6 10. O-O O-O 11. e4 dxe4 12. Nxe4 Qe7 13. Rc1 Rd8 14. Rc4 Bc7
15. Qc2 Bb6 16. Qc3 f6 17. Ra4 Rd5 18. Rc1 Bd7 19. Ned2 Rd8 20. Rc4 Na5 21. Rb4
Rc8 22. Nc4 Rb5 23. Ra4 Nxc4 24. Rxc4 Rxc4 25. Qxc4 Rxb2 26. Rc2 Rxc2 27. Qxc2
Bc6 28. Qc4 Bd5 29. Qa4 Qd8 30. a3 Qc7 31. Nh4 Qc1+ 32. Bf1 Kh7 33. Ng2 Qb2 34.
Bd3+ f5 35. Nf4 Bxd4 36. Qc2 Qa1+ 37. Qb1 Qxb1+ 38. Bxb1 Bb3 39. Nd3 Kg6 40.
Kf1 e5 41. g4 e4 42. Nc1 Bc4+ 43. Ne2 Kf6 44. gxf5 Ke5 45. Ke1 Bb2 46. a4 Bd3
47. Ba2 Kxf5 48. Bd5 b6 49. f3 exf3 50. Bxf3 Be5 51. Ng3+ Ke6 52. Be2 Bc2 53.
Bd1 Bh7 54. Bb3+ Kd6 55. Kd2 Kc5 56. Be6 g5 57. Bc8 Kb4 58. Bd7 Bf4+ 59. Kd1 a5
60. Bb5 Bg8 61. Nf5 Be6 62. Nd4 Bg4+ 63. Ke1 Bxh2 64. Nc2+ Kc3 65. Ne3 Be6 66.
Kf2 g4 67. Nf1 Be5 68. Be8 Kb4 69. Ne3 g3+ 70. Kf3 Kc5 71. Ke2 Bc8 72. Bf7 Bd7
73. Nc4 Bg4+ 74. Ke1 Bd4 75. Kf1 Bf3 76. Ke1 g2 77. Kd2 g1=Q 78. Kd3 Qf1+ 79.
Kd2 79... Qd1# {Hossa checkmated} 0-1

[Event "ICS Rated blitz match"]
[Site "204.178.125.65"]
[Date "1999.08.19"]
[Round "?"]
[White "GeorgeVidan"]
[Black "Hossa"]
[Result "0-1"]
[WhiteElo "2258"]
[BlackElo "2414"]
[PlyCount "107"]

1. d4 Nf6 2. e3 c5 3. c3 d5 4. f4 cxd4 5. cxd4 Nc6 6. Nc3 Bf5 7. Bd3 Bxd3 8.
Qxd3 e6 9. Nf3 Bb4 10. O-O O-O 11. Ne5 Rc8 12. Bd2 Bxc3 13. Bxc3 Ne4 14. Rac1
Nxe5 15. fxe5 f6 16. exf6 Rxf6 17. Rxf6 Qxf6 18. Rf1 Qe7 19. Bd2 Rf8 20. Rxf8+
Qxf8 21. Be1 g5 22. h3 h5 23. Qb5 Qf7 24. Qa5 b6 25. Qa4 Kg7 26. Qc2 h4 27. Qe2
Qf6 28. Qf3 Kf7 29. Bb4 a5 30. Be1 Qf5 31. Kf1 Nf6 32. Qxf5 exf5 33. Ke2 a4 34.
b3 axb3 35. axb3 Ne4 36. Bb4 Ke6 37. Be1 Kf6 38. Kd3 Ke7 39. Bb4+ Ke6 40. Ke2
Kf7 41. Kd3 Ke8 42. Ke2 b5 43. Be1 Kd7 44. Kf3 Kc8 45. g3 hxg3 46. Bxg3 Nd2+
47. Ke2 Nxb3 48. Be5 Kd7 49. Bf6 g4 50. hxg4 fxg4 51. Be5 Ke6 52. Kd3 Nc5+ 53.
Kc3 g3 54. Kb4 {GeorgeVidan resigns} 0-1

[Event "ICS Rated blitz match"]
[Site "204.178.125.65"]
[Date "1999.08.19"]
[Round "?"]
[White "Hossa"]
[Black "GeorgeVidan"]
[Result "1-0"]
[WhiteElo "2423"]
[BlackElo "2249"]
[PlyCount "84"]

1. d4 d5 2. c4 c6 3. cxd5 cxd5 4. Nc3 e6 5. e4 Nf6 6. e5 Nfd7 7. Bd3 Nc6 8.
Nge2 a6 9. O-O Be7 10. Be3 O-O 11. Qb1 h6 12. f4 b5 13. Rc1 Bb7 14. a3 Nb6 15.
a4 b4 16. Nd1 Na5 17. b3 Rc8 18. Ra2 Qd7 19. Rac2 Rxc2 20. Rxc2 Rc8 21. Nf2
Rxc2 22. Qxc2 Qc6 23. Qb1 Nbc4 24. bxc4 dxc4 25. Be4 Qxa4 26. f5 c3 27. f6 gxf6
28. Bxb7 Nxb7 29. Ng4 f5 30. Nxh6+ Kf8 31. d5 c2 32. Qe1 b3 33. Qg3 Qa1+ 34.
Bc1 Ke8 35. Qxb3 Bc5+ 36. Kh1 Qb1 37. Qa4+ Ke7 38. d6+ Bxd6 39. exd6+ Nxd6 40.
Ng8+ Kf8 41. Nf6 Nb5 42. Qxa6 42... Nc3 {GeorgeVidan resigns} 1-0

[Event "ICS Rated blitz match"]
[Site "204.178.125.65"]
[Date "1999.08.19"]
[Round "?"]
[White "Hossa"]
[Black "PostModernist"]
[Result "1-0"]
[WhiteElo "2432"]
[BlackElo "2582"]
[PlyCount "165"]

1. d4 c5 2. d5 Nf6 3. c4 e5 4. Nc3 d6 5. e4 Nbd7 6. Bd3 Be7 7. Nge2 O-O 8. O-O
Ne8 9. f4 exf4 10. Bxf4 Bf6 11. Ng3 Bd4+ 12. Kh1 Ne5 13. Qd2 Nxd3 14. Qxd3 Nc7
15. Nge2 Bf6 16. Qg3 Bh4 17. Qf3 Bf6 18. Qh5 Re8 19. Rab1 b6 20. b3 Qe7 21. Rf2
Bb7 22. Rbf1 Qf8 23. Bh6 Re5 24. Qg4 Ne8 25. Rxf6 Nxf6 26. Rxf6 Rd8 27. Bf4 h5
28. Qg3 h4 29. Qxh4 gxf6 30. Qxf6 Rh5 31. Ng3 Rh7 32. Nf5 Rh5 33. Bh6 Rxh6 34.
Nxh6+ Kh7 35. Nxf7 Rb8 36. Ng5+ Kg8 37. Qg6+ Qg7 38. Qe6+ Kh8 39. Nf7+ Kg8 40.
Nxd6+ Kh8 41. e5 Rf8 42. Kg1 Ba8 43. Nce4 Qh7 44. Qg4 a6 45. Qd1 Qg6 46. e6 Qg7
47. Nf7+ Kg8 48. Kh1 Rxf7 49. exf7+ Kxf7 50. Qh5+ Ke7 51. Qg5+ Qxg5 52. Nxg5
Kf6 53. Ne6 Bb7 54. Kg1 Bc8 55. Nc7 b5 56. a4 Ke5 57. axb5 axb5 58. Nxb5 Bf5
59. Kf2 Be4 60. Na7 Bb1 61. Nc6+ Kd6 62. Ke3 Bf5 63. Kf4 Bc2 64. Na5 Kc7 65.
Ke5 Kb6 66. d6 Bd1 67. Ke6 Bg4+ 68. Ke7 Kxa5 69. d7 Bxd7 70. Kxd7 Kb4 71. Kc6
Kxb3 72. Kxc5 Kc3 73. Kd5 Kd3 74. c5 Kd2 75. c6 Ke3 76. c7 Kf2 77. c8=Q Kg1 78.
Qc5+ Kxh2 79. Ke5 Kxg2 80. Kf4 Kh1 81. Qg5 Kh2 82. Kf3 Kh1 83. Qg2# {
PostModernist checkmated} 1-0

[Event "ICS Rated blitz match"]
[Site "204.178.125.65"]
[Date "1999.08.19"]
[Round "?"]
[White "PostModernist"]
[Black "Hossa"]
[Result "1/2-1/2"]
[WhiteElo "2559"]
[BlackElo "2455"]
[PlyCount "113"]

1. e4 e6 2. d3 d5 3. Qe2 Nc6 4. exd5 Nd4 5. Qd1 exd5 6. c3 Qe7+ 7. Be2 Nxe2 8.
Nxe2 Bg4 9. Be3 O-O-O 10. O-O Nh6 11. Re1 Nf5 12. Bxa7 b6 13. Qd2 Re8 14. f3
Bh5 15. Na3 Qe3+ 16. Qxe3 Nxe3 17. Nf4 Bxa3 18. bxa3 Bg6 19. Re2 Re7 20. Rae1
Rhe8 21. g4 d4 22. cxd4 Nd5 23. Rxe7 Rxe7 24. Rxe7 Nxe7 25. Kf2 Kb7 26. h4 f5
27. Bxb6 Kxb6 28. Ne6 fxg4 29. fxg4 Bxd3 30. Nxg7 Bb1 31. Ne8 Nd5 32. Ke1 Kb5
33. g5 Kc4 34. h5 Kxd4 35. a4 c6 36. a5 Kc5 37. a4 Nf4 38. Nf6 Ne6 39. g6 hxg6
40. h6 Ng5 41. h7 Nxh7 42. Nxh7 Kb4 43. a6 Be4 44. a7 c5 45. Nf8 Kxa4 46. Nxg6
c4 47. Nf4 Kb4 48. Ne6 c3 49. Nc7 c2 50. Kd2 Kb3 51. Kc1 Kb4 52. Ne8 Ba8 53.
Nd6 Kc5 54. Nc8 Be4 55. Ne7 Kd4 56. a8=Q Bxa8 57. Kxc2 {
Game drawn because neither player has mating material} 1/2-1/2

[Event "ICS Rated blitz match"]
[Site "204.178.125.65"]
[Date "1999.08.19"]
[Round "?"]
[White "Hossa"]
[Black "PostModernist"]
[Result "1-0"]
[WhiteElo "2460"]
[BlackElo "2554"]
[PlyCount "85"]

1. d4 Nf6 2. c4 e6 3. Nc3 Be7 4. e4 O-O 5. e5 Ne8 6. Bd3 d6 7. Qc2 h6 8. Bf4
Nc6 9. O-O-O Bg5 10. g3 Bxf4+ 11. gxf4 Qh4 12. Nge2 Qxf2 13. Kb1 Nb4 14. Qd2
Nxd3 15. Qxd3 Bd7 16. h4 Bc6 17. Rdf1 Qg2 18. d5 exd5 19. cxd5 Bd7 20. Rfg1 Qf2
21. Ne4 Qb6 22. Nf6+ Nxf6 23. exf6 g5 24. hxg5 Qb5 25. gxh6+ Kh8 26. Qg3 Bf5+
27. Ka1 Bg6 28. Nc3 Qd3 29. Qg4 Rab8 30. Rg3 Qd4 31. Qg5 Rfe8 32. Rd1 Qf2 33.
Rg2 Qf3 34. Rg4 Rg8 35. Rg3 Qf2 36. Qh4 c6 37. h7 Qxg3 38. hxg8=R+ Kxg8 39.
Qxg3 Rd8 40. Qh3 Bh5 41. Qxh5 cxd5 42. Rg1+ Kf8 43. Qh8# {
PostModernist checkmated} 1-0

[Event "ICS Rated blitz match"]
[Site "204.178.125.65"]
[Date "1999.08.19"]
[Round "?"]
[White "Hossa"]
[Black "Talmoves"]
[Result "0-1"]
[WhiteElo "2480"]
[BlackElo "2482"]
[PlyCount "118"]

1. d4 Nf6 2. c4 e6 3. Bg5 d5 4. e3 Bb4+ 5. Nc3 c6 6. Bd3 Qa5 7. Qd2 dxc4 8.
Bxf6 cxd3 9. Bxg7 Rg8 10. Be5 Rxg2 11. Bxb8 Rxb8 12. Qxd3 Qg5 13. O-O-O Qh4 14.
f4 f5 15. Nce2 Qf2 16. Kb1 Bd6 17. h3 Bd7 18. Rc1 a5 19. Rc2 a4 20. a3 Rg6 21.
h4 Rg4 22. h5 Qg2 23. Rh3 Rd8 24. Qc3 b5 25. Qe1 h6 26. Rf3 Qh1 27. Ng3 Qh4 28.
N1e2 Ra8 29. Qh1 Qe7 30. Rf1 b4 31. axb4 Rb8 32. Rg1 Bxb4 33. Kc1 a3 34. bxa3
Bxa3+ 35. Kd2 Qb4+ 36. Nc3 Rd8 37. Nge2 Ra8 38. Rxg4 fxg4 39. Qh4 e5 40. fxe5
Qf8 41. Ne4 Bb4+ 42. N2c3 Be7 43. Qh1 Qf5 44. Rc1 Qf7 45. Rf1 Qc4 46. Nf6+ Kd8
47. Nxd7 Bb4 48. Rf8+ Kxd7 49. e6+ Kc7 50. Rxa8 Bxc3+ 51. Kc2 Bxd4+ 52. Kd2
Bc3+ 53. Kc1 Bb4+ 54. Kb2 Qc3+ 55. Kb1 Qd3+ 56. Kb2 Bc3+ 57. Kb3 Bf6+ 58. Kb4
Be7+ 59. Ka5 59... Qa3# {Hossa checkmated} 0-1

[Event "ICS Rated blitz match"]
[Site "204.178.125.65"]
[Date "1999.08.19"]
[Round "?"]
[White "Diepeveen"]
[Black "Hossa"]
[Result "0-1"]
[WhiteElo "2440"]
[BlackElo "2464"]
[PlyCount "72"]

1. e4 e6 2. d4 d5 3. e5 b6 4. c3 c5 5. Nf3 cxd4 6. cxd4 Bb7 7. Nc3 Nc6 8. Bg5
Be7 9. h4 f6 10. exf6 gxf6 11. Bf4 Rc8 12. Rc1 Bd6 13. Qd2 Nge7 14. Bd3 e5 15.
dxe5 fxe5 16. Bg5 e4 17. Nxd5 exd3 18. O-O Bh2+ 19. Nxh2 Qxd5 20. Ng4 Qf5 21.
Nf6+ Kd8 22. Rfe1 Ne5 23. Rxe5 Rxc1+ 24. Qxc1 Qxe5 25. Qc4 Qe1+ 26. Kh2 d2 27.
Qd4+ Kc8 28. Bxd2 Qf1 29. Qd7+ Kb8 30. Bf4+ Ka8 31. f3 Bxf3 32. gxf3 Qf2+ 33.
Kh3 Qxf3+ 34. Bg3 Qxf6 35. Qc7 Qf1+ 36. Kh2 36... Rc8 {Diepeveen resigns} 0-1

[Event "ICS rated blitz match"]
[Site "204.178.125.65"]
[Date "1999.08.19"]
[Round "?"]
[White "danger"]
[Black "Hossa"]
[Result "0-1"]
[WhiteElo "2235"]
[BlackElo "2479"]
[PlyCount "62"]

1. e4 e6 2. d3 d5 3. Nd2 e5 4. Ngf3 Nc6 5. g3 Bc5 6. Bg2 Nge7 7. O-O O-O 8. Re1
d4 9. Nb3 Bb6 10. h3 Bd7 11. c3 f5 12. cxd4 fxe4 13. dxe4 exd4 14. Nfxd4 Nxd4
15. Nxd4 Bxh3 16. Bxh3 Bxd4 17. Be3 Bxe3 18. Rxe3 Qb8 19. Qb3+ Kh8 20. Rd1 Ng6
21. Bf5 Ne5 22. Kg2 c5 23. f4 Nc6 24. Rh1 h6 25. Qc3 Qd6 26. Rd3 Nd4 27. Bg4
Qg6 28. Bf3 Rxf4 29. Qxc5 Rxf3 30. Rxf3 Qxe4 31. Qa3 31... Rc8 {danger resigns}
0-1